<?xml version="1.0" encoding="UTF-8"?>
<marc:record xmlns:marc="http://www.loc.gov/MARC21/slim">
   <marc:leader>00000nam a2200000 a 4500</marc:leader>
   <marc:datafield ind1="1" ind2=" " tag="100">
      <marc:subfield code="a">Bechmann, Ulrike</marc:subfield>
      <marc:subfield code="4">aut</marc:subfield>
      <marc:subfield code="e">Verfasser/-in</marc:subfield>
   </marc:datafield>
   <marc:datafield ind1=" " ind2=" " tag="653">
      <marc:subfield code="a">Altes Testament</marc:subfield>
   </marc:datafield>
   <marc:datafield ind1=" " ind2=" " tag="653">
      <marc:subfield code="a">Bibel</marc:subfield>
   </marc:datafield>
   <marc:datafield ind1=" " ind2=" " tag="653">
      <marc:subfield code="a">Frau</marc:subfield>
   </marc:datafield>
   <marc:datafield ind1=" " ind2=" " tag="653">
      <marc:subfield code="a">Weisheit</marc:subfield>
   </marc:datafield>
   <marc:datafield ind1=" " ind2=" " tag="653">
      <marc:subfield code="a">Prophetin</marc:subfield>
   </marc:datafield>
   <marc:datafield ind1=" " ind2=" " tag="653">
      <marc:subfield code="a">Abigail</marc:subfield>
   </marc:datafield>
   <marc:datafield ind1="0" ind2="0" tag="245">
      <marc:subfield code="a">Abigail</marc:subfield>
   </marc:datafield>
   <marc:datafield ind1="0" ind2="0" tag="245">
      <marc:subfield code="b">Prophetin, weise Frau, Politikerin</marc:subfield>
   </marc:datafield>
   <marc:datafield ind1=" " ind2="1" tag="264">
      <marc:subfield code="b">Katholisches Bibelwerk e.V.</marc:subfield>
      <marc:subfield code="c">2001</marc:subfield>
   </marc:datafield>
   <marc:datafield ind1="1" ind2=" " tag="490">
      <marc:subfield code="a">Bekannte und unbekannte Frauen der Bibel</marc:subfield>
   </marc:datafield>
   <marc:datafield ind1="1" ind2=" " tag="520">
      <marc:subfield code="a">Die spannende Geschichte der Abigail: ihr Mut und ihre Klugheit, aber auch ihr Umgehen mit (männlicher) Gewalt und ihr entschiedener Einsatz für Versöhnung.

Aus dem Inhalt:

Die Geschichte Abigails in der erzählten Zeit

Der Lebensraum der Geschichte
Die Hauptpersonen: Nabal, Abigail und David
Die Gespräche
Die Geschichte Abigails in der Erzählzeit

David und nicht Saul
Weisheitliche Traditionen in der Geschichte Abigails
Prophetin Abigail: Das Haus David wird Bestand haben
Die Erzählzeit der deuteronomistischen Bearbeitung im Exil: Hoffnung für die Zukunft
Nicht Rache, sondern Recht – und dadurch Gewalt verhindern
Bibelarbeiten in der Gruppe zur Abigail-Geschichte

Materialien zu Abigail

(https://www.bibelwerk.ch/d/m67616, 7.2.2024)</marc:subfield>
   </marc:datafield>
   <marc:datafield ind1="3" ind2=" " tag="024">
      <marc:subfield code="a">393220378X</marc:subfield>
   </marc:datafield>
</marc:record>
